000 00478nam a22001217a 4500
999 _c21581
_d21581
008 240913b ||||| |||| 00| 0 eng d
100 _aRamos, Romeo T.
_eauthor.
_960923
245 _aEpekto ng resulta ng phil-iri :
_bPhilippine informal reading inventory /
_cRomeo T. Ramos.
260 _aPhilippines;
_bPublishers Association of the Philippines, Inc.,
_cFebruary 2020.
300 _aVolume 168, pages 352-354.
700 _aRamos, Romeo T.
_eauthor.
_960923
942 _2ddc
_cPER